[Event "Tourn. n9246"]
[Site "www.chess-mail.com"]
[Date "2017.06.03"]
[Round "1"]
[White "Aperturaf"]
[Black "Pdebonis"]
[WhiteElo "2550"]
[BlackElo "2470"]
[Result "0-1"]
[Round "1"]
1.e4 e5
2.Ng1f3 Nb8c6
3.d4 exd4
4.Nf3xd4 Ng8f6
5.Nb1c3 Bf8b4
6.Nd4xc6 bxc6
7.Bf1d3 d5
8.exd5 cxd5
9.O-O O-O
10.h3 c6
11.Qd1f3 Rf8e8
12.Bc1f4 a5
13.Rf1e1 Bc8e6
14.a3 Bb4d6
15.Nc3e2 a4
16.Ne2d4 Qd8c7
17.Bf4g5 Bd6e5
18.Nd4xe6 Re8xe6
19.Bd3f5 Re6e7
20.c3 h6
21.Bg5e3 Ra8e8
22.Re1e2 Nf6e4
23.Bf5xe4 dxe4
24.Qf3g4 Qc7d7
25.g3 f5
26.Qg4g6 Re8f8
27.Re2d2 Qd7e8
28.Qg6xe8 Rf8xe8
29.Ra1e1 Kf7
30.h4 Kg6
31.Re1e2 Kh5
32.Kg2 g5
33.hxg5 hxg5
34.Be3c5 Re7b7
35.f3 Rb7b5
36.Bc5f2 exf3
37.Kxf3 g4
38.Kg2 Re8e7
39.c4 Rb5b3
40.Rd2d8 Rb3xb2
41.Re2xb2 Be5xb2
42.Rd8d6 Bb2xa3
43.Rd6xc6 Re7e4
44.c5 Ba3b2
45.Rc6a6 Bb2e5
46.c6 Re4c4
47.Kf1 Rc4c1
48.Kg2 Kg6
49.Ra6a5 Be5c7
50.Ra5xa4 Rc1xc6
51.Ra4a2 Rc6c4
 { time }
0-1

[Event "Tourn. n9310"]
[Site "www.chess-mail.com"]
[Date "2017.06.03"]
[Round "1"]
[White "Picifarkinca"]
[Black "Jaroslavpech"]
[WhiteElo "2080"]
[BlackElo "2120"]
[Result "0-1"]
[Round "1"]
1.Ng1f3 Ng8f6
2.c4 g6
3.Nb1c3 d5
4.e3 Bf8g7
5.d4 O-O
6.b3 c5
7.Bc1b2 cxd4
8.exd4 Bc8g4
9.Bf1e2 dxc4
10.bxc4 Nb8c6
11.d5 Nc6a5
12.O-O Bg4xf3
13.gxf3 Ra8c8
14.Qd1a4 Nf6h5
15.Rf1b1 b6
16.Nc3e4 Nh5f4
17.Be2f1 Bg7xb2
18.Rb1xb2 f5
19.Ne4g5 Qd8d6
20.Ra1e1 Qd6f6
21.Ng5e6 Nf4xe6
22.Re1xe6 Qf6xb2
{ resign }
0-1

[Event "Tourn. n9307"]
[Site "www.chess-mail.com"]
[Date "2017.06.03"]
[Round "1"]
[White "Sorento"]
[Black "Falcoale"]
[WhiteElo "1869"]
[BlackElo "2000"]
[Result "1-0"]
[Round "1"]
1.e4 c5
2.Nb1c3 e6
3.f4 Nb8c6
4.Ng1f3 d6
5.Bf1b5 a6
6.Bb5e2 Ng8f6
7.O-O Bf8e7
8.d4 cxd4
9.Nf3xd4 O-O
10.Bc1e3 Nc6xd4
11.Qd1xd4 Nf6d7
12.Ra1d1 b5
13.a3 Bc8b7
14.Rf1f3 Be7f6
15.Qd4xd6 Nd7b8
16.Qd6xd8 Bf6xd8
17.Be3c5 Rf8e8
18.e5 Nb8c6
19.Rf3e3 Bd8c7
20.Kf2 Ra8c8
21.b4 Nc6e7
22.Be2f3 Bb7xf3
23.Re3xf3 Ne7f5
24.g4 Nf5h4
25.Rf3d3 Nh4g6
26.Kg3 Bc7d8
27.Nc3e4 Bd8h4
28.Kf3 Bh4e7
29.Ne4d6 Be7xd6
30.exd6 Re8d8
31.d7 Rc8c6
32.Kg3 Rc6xc5
33.bxc5 Ng6e7
34.Rd3d6 Ne7d5
35.Rd1xd5 exd5
36.c6 { resign }
1-0

[Event "Tourn. n9356"]
[Site "www.chess-mail.com"]
[Date "2017.06.03"]
[Round "1"]
[White "Azulmarino"]
[Black "Madz123456"]
[WhiteElo "1560"]
[BlackElo "1470"]
[Result "0-1"]
[Round "1"]
1.e4 c5
2.c4 Nb8c6
3.a3 Ng8f6
4.d3 e6
5.Bc1g5 d5
6.Ng1f3 dxe4
7.Bg5xf6 Qd8xf6
8.dxe4 Qf6xb2
9.Nb1d2 Bf8e7
10.Bf1d3 Qb2c3
11.O-O Qc3xd3
12.Nf3e1 Qd3d7
13.Ne1f3 b6
14.e5 O-O
15.Qd1c2 Rf8d8
16.Ra1d1 Qd7d3
17.Qc2a4 Bc8b7
18.Nd2e4 Qd3xe4
19.Nf3d2 Qe4g6
20.Nd2f3 Nc6d4
21.Kh1 Bb7c6
22.Qa4a6 Nd4xf3
23.gxf3 Bc6xf3
{ resign }
0-1

[Event "Tourn. n9341"]
[Site "www.chess-mail.com"]
[Date "2017.06.03"]
[Round "1"]
[White "Falcoale"]
[Black "Claymil"]
[WhiteElo "1940"]
[BlackElo "2030"]
[Result "0-1"]
[Round "1"]
1.e4 c5
2.Ng1f3 Nb8c6
3.Bf1c4 e6
4.O-O g6
5.a3 Bf8g7
6.c3 Ng8e7
7.d3 O-O
8.Bc1g5 a6
9.Nf3e1 d5
10.exd5 exd5
11.Bc4a2 h6
12.Bg5h4 b5
13.f4 Qd8d6
14.Ne1c2 Ne7f5
15.Bh4g3 Rf8e8
16.Rf1e1 Bc8b7
17.Re1xe8 Ra8xe8
18.Nb1d2 Nf5xg3
19.hxg3 Nc6e7
20.Nd2f3 Ne7f5
21.d4 c4
22.Nf3e5 Qd6e6
23.Qd1e1 Kh7
24.Kf2 Qe6c8
25.Qe1d2 Re8e7
26.Ra1h1 Qc8e8
27.g4 Nf5d6
28.Kg1 Nd6e4
29.Qd2c1 Ne4g3
30.Qc1e1 Ng3xh1
31.Kxh1 f6
32.Qe1d1 fxe5
33.fxe5 Re7f7
34.Nc2b4 Qe8f8
35.Qd1c2 Rf7f1
36.Kh2 Qf8f4
{ resign }
0-1

[Event "Tourn. n9346"]
[Site "www.chess-mail.com"]
[Date "2017.06.03"]
[Round "1"]
[White "Azulmarino"]
[Black "Madz123456"]
[WhiteElo "1570"]
[BlackElo "1470"]
[Result "0-1"]
[Round "1"]
1.e4 c5
2.c4 Nb8c6
3.Ng1f3 e5
4.a3 d6
5.d3 f5
6.Bc1g5 Bf8e7
7.Qd1d2 fxe4
8.dxe4 Nc6d4
9.Bg5e3 Nd4b3
10.Qd2d5 Nb3xa1
11.Qd5d1 Qd8b6
12.b4 a5
13.Nb1c3 axb4
14.Nc3d5 Qb6a5
15.Qd1xa1 Ng8f6
16.Be3d2 Nf6xd5
17.exd5 Qa5xa3
18.Qa1b1 e4
19.Nf3g5 Be7xg5
20.Bd2xg5 Qa3c3
21.Bg5d2 Ra8a1
22.Bd2xc3 Ra1xb1
23.Ke2 bxc3
24.Ke3 c2
25.Kxe4 c1Q
{ resign }
0-1

[Event "Tourn. n9293"]
[Site "www.chess-mail.com"]
[Date "2017.06.03"]
[Round "1"]
[White "Picifarkinca"]
[Black "Fabos12"]
[WhiteElo "2030"]
[BlackElo "1870"]
[Result "1-0"]
[Round "1"]
1.d4 d5
2.c4 Ng8f6
3.Nb1c3 Bc8f5
4.e3 e6
5.Qd1b3 b6
6.f3 Bf8d6
7.g4 Bf5g6
8.Bf1g2 h6
9.Ng1e2 Nb8d7
10.cxd5 exd5
11.Nc3xd5 Nf6xd5
12.Qb3xd5 Nd7f6
13.Qd5c6 Nf6d7
14.h4 Bd6b4
15.Kf2 O-O
16.f4 Bg6d3
17.Qc6xa8 Qd8xa8
18.Bg2xa8 Rf8xa8
19.a3 Bb4d6
20.Rh1d1 Bd3h7
21.f5 Nd7f6
22.Kf3 h5
23.g5 Nf6g4
24.e4 c5
25.d5 c4
26.Ne2f4 Kh8
27.Nf4xh5 Ng4e5
28.Ke2 g6
29.Nh5f6 gxf5
30.Nf6xh7 Kxh7
31.exf5 Ne5d3
32.Rd1xd3 cxd3
33.Kxd3 Ra8e8
34.Bc1e3 Kg7
35.Ra1f1 Bd6e5
{ time. }
1-0

[Event "Tourn. n9367"]
[Site "www.chess-mail.com"]
[Date "2017.06.03"]
[Round "1"]
[White "Madz123456"]
[Black "Azulmarino"]
[WhiteElo "1470"]
[BlackElo "1560"]
[Result "1-0"]
[Round "1"]
1.e4 d5
2.exd5 Qd8xd5
3.Nb1c3 Qd5e5
4.Bf1e2 Bc8g4
5.d4 Bg4xe2
6.Ng1xe2 Qe5f5
7.O-O Ng8f6
8.Ne2g3 Qf5d7
9.Bc1g5 h6
10.Bg5xf6 exf6
11.Qd1f3 Nb8c6
12.Ra1e1 Bf8e7
13.Ng3f5 Nc6xd4
14.Nf5xd4 Qd7xd4
15.Re1e4 Qd4d2
16.Rf1d1 Qd2xc2
17.Re4e2 Qc2g6
18.Nc3d5 Ra8d8
19.Nd5xc7 Kf8
20.Rd1xd8 Be7xd8
21.Re2e8 { resign }
1-0

[Event "Match"]
[Site "www.echecsemail.com"]
[Date "2017.06.03"]
[Round "1"]
[White "Midknightblu"]
[Black "Orae"]
[WhiteElo "1620"]
[BlackElo "1710"]
[Result "0-1"]
[Round "1"]
1.e4 e5
2.Ng1f3 Nb8c6
3.Bf1b5 Nc6d4
4.Nf3xd4 exd4
5.a3 Ng8f6
6.d3 c6
7.Bb5c4 b5
8.Bc4b3 b4
9.Bc1g5 Bf8e7
10.Bg5xf6 Be7xf6
11.O-O O-O
12.axb4 Qd8e7
13.Nb1d2 Qe7xb4
14.Ra1a4 Qb4d6
15.Nd2f3 Rf8e8
16.Qd1a1 a6
17.Qa1a3 c5
18.Bb3c4 Bc8b7
19.b4 cxb4
20.Qa3b3 Qd6e7
21.Ra4xb4 Bb7c6
22.h3 a5
23.Rb4b6 a4
24.Qb3b4 Qe7d8
25.Qb4a3 Bf6e7
26.Rb6b2 Be7xa3
27.Rb2b1 Ba3c5
28.Bc4d5 a3
29.Bd5xc6 dxc6
30.Nf3e5 Re8xe5
31.f3 a2
32.Rb1d1 Bc5a3
33.f4 Re5h5
34.Kh2 Ba3b2
35.Kg3 Qd8h4
36.Kf3 f5
37.e5 g5
38.Ke2 gxf4
39.Rf1e1 Bb2c3
40.Re1f1 Qh4e7
41.Kf2 a1Q
42.Rd1xa1 Qe7h4
43.Kg1 Bc3xa1
44.Rf1f3 Ra8a2
45.Kh2 Ra2xc2
{ resign }
0-1

[Event "Match"]
[Site "www.echecsemail.com"]
[Date "2017.06.03"]
[Round "1"]
[White "Motorhead99"]
[Black "Bjonil60"]
[WhiteElo "1599"]
[BlackElo "1410"]
[Result "1-0"]
[Round "1"]
1.e4 e5
2.Ng1f3 Qd8e7
3.Nb1c3 a6
4.Bf1c4 b5
5.Nc3d5 Qe7c5
6.Bc4b3 Bc8b7
7.d4 Qc5d6
8.Nf3xe5 Bb7xd5
9.Bb3xd5 c6
10.Bd5xf7 Kd8
11.Bf7xg8 Rh8xg8
12.Ne5f7 Ke7
13.Nf7xd6 Kxd6
14.Bc1f4 Ke7
15.Qd1h5 h6
16.Qh5e5 Kd8
17.Qe5c7 Ke7
18.Qc7b7 g5
19.Bf4xb8 Bf8g7
20.Qb7xa8 Bg7xd4
21.Bb8d6 Kxd6
22.Qa8xg8 Bd4xb2
23.Ra1d1 Kc7
24.Qg8a8 Kb6
25.Rd1xd7 Kc5
26.Qa8a7 Kb4
27.O-O h5
28.Qa7xa6 c5
29.Rd7b7 Bb2c3
30.Qa6xb5 Ka3
31.Qb5b3 
1-0

[Event "Match"]
[Site "www.echecsemail.com"]
[Date "2017.06.03"]
[Round "1"]
[White "Insearchof"]
[Black "Numanoid"]
[WhiteElo "2229"]
[BlackElo "2470"]
[Result "0-1"]
[Round "1"]
1.d4 d5
2.c4 dxc4
3.Ng1f3 a6
4.e3 b5
5.a4 Bc8b7
6.b3 e6
7.bxc4 bxc4
8.Bf1xc4 Ng8f6
9.Nb1d2 Nb8d7
10.Ra1b1 Ra8b8
11.O-O Bf8e7
12.Qd1e2 O-O
13.Bc4xa6 Bb7xa6
14.Qe2xa6 Rb8xb1
15.Nd2xb1 Qd8a8
16.Qa6c4 c5
 { time }
0-1

[Event "Match"]
[Site "www.echecsemail.com"]
[Date "2017.06.03"]
[Round "1"]
[White "Osvalazo"]
[Black "Hundegana"]
[WhiteElo "1800"]
[BlackElo "2090"]
[Result "0-1"]
[Round "1"]
1.c4 g6
2.d4 Bf8g7
3.Ng1f3 Ng8f6
4.Nb1c3 c6
5.e4 d6
6.Bc1g5 h6
7.Bg5xf6 Bg7xf6
8.Qd1d2 Nb8d7
9.Bf1d3 e5
10.d5 Nd7c5
11.O-O O-O
12.Bd3c2 Kh7
13.Ra1e1 a6
14.Re1d1 Ra8b8
15.Nc3e2 Bc8g4
16.Nf3e1 Bg4xe2
17.Qd2xe2 Bf6g5
18.b4 Nc5d7
19.Ne1f3 Bg5f6
20.Nf3d2 Qd8b6
21.Rd1b1 cxd5
22.b5 d4
23.bxa6 Qb6xa6
24.Bc2b3 Nd7c5
25.Bb3c2 Qa6xa2
26.Rf1c1 d3
27.Bc2xd3 Bf6g5
28.Rc1c2 Qa2a5
29.Nd2f3 Bg5f6
30.Qe2d2 Qa5xd2
31.Rc2xd2 Bf6e7
32.g4 Rf8g8
33.Kg2 Rb8a8
34.Rd2b2 Nc5xd3
35.Rb2xb7 Rg8e8
36.Rb7c7 Ra8c8
37.Rb1b7 Rc8xc7
38.Rb7xc7 Nd3c5
39.Kg3 Nc5xe4
40.Kg2 Kg7
41.h4 g5
42.h5 Ne4f6
43.Kh3 Nf6e4
44.Kg2 Be7f8
45.Nf3e1 Re8a8
46.Ne1d3 Kf6
47.f3 Ra8a2
48.Kh3 Ra2d2
49.Nd3b4 Ne4f2
50.Kg3 Nf2d1
51.Nb4d5 Ke6
52.Rc7c8 Bf8g7
53.Rc8e8 Kd7
54.Re8e7 Kc6
55.Re7xf7 Kc5
56.Rf7c7 Kd4
57.Rc7xg7 Kxc4
58.Nd5b6 Kc5
59.Nb6d7 Kc6
60.Rg7h7 Nd1e3
61.Nd7b8 Kc5
62.Nb8a6 Kb5
63.Na6c7 Kc4
64.Rh7xh6 Ne3f1
{ resign }
0-1

[Event "Match"]
[Site "www.echecsemail.com"]
[Date "2017.06.03"]
[Round "1"]
[White "Bojan"]
[Black "Cjood"]
[WhiteElo "1920"]
[BlackElo "1900"]
[Result "0-1"]
[Round "1"]
1.e4 e5
2.d4 exd4
3.Qd1xd4 Nb8c6
4.Qd4d1 Bf8c5
5.c3 Qd8h4
6.Qd1c2 Ng8f6
7.Bf1d3 d6
8.Qc2e2 O-O
9.Bc1e3 Nf6xe4
10.g3 Qh4e7
11.Nb1d2 Ne4xd2
12.Be3xc5 Qe7xe2
13.Kxe2 Nd2b3
14.axb3 dxc5
15.f3 Bc8e6
16.Bd3c2 Rf8e8
17.Kf2 Ra8d8
18.Ra1d1 Rd8xd1
19.Bc2xd1 b5
20.Ng1e2 a5
21.Bd1c2 Re8d8
22.Ke3 g6
23.Ne2f4 Be6d7
24.Nf4d5 Rd8c8
25.Nd5f6 Kg7
26.Nf6xd7 Rc8e8
27.Kf2 c4
28.Nd7c5 cxb3
29.Nc5xb3 a4
30.Nb3c1 Re8d8
31.Bc2e4 Nc6e5
32.Ke2 Ne5c4
33.b3 Rd8d2
34.Ke1 axb3
35.Nc1xb3 Rd2b2
36.Nb3c1 f5
37.Be4d3 Nc4d2
38.f4 Nd2f3
39.Kd1 Rb2d2

0-1

[Event "Match"]
[Site "www.echecsemail.com"]
[Date "2017.06.03"]
[Round "1"]
[White "Cjood"]
[Black "Fangshuo"]
[WhiteElo "1860"]
[BlackElo "2090"]
[Result "0-1"]
[Round "1"]
1.e4 e6
2.Nb1c3 d5
3.d4 Bf8b4
4.Qd1g4 g6
5.e5 c5
6.Bc1g5 f6
7.Bg5h4 Nb8c6
8.Ng1f3 Ng8h6
9.Qg4f4 g5
10.Nf3xg5 fxg5
11.Bh4xg5 Qd8a5
12.Kd2 Nh6f5
13.Bf1e2 O-O
14.Qf4g4 Nf5g7
15.a3 Bb4xc3
16.bxc3 cxd4
17.Rh1b1 Qa5xc3
18.Kd1 Nc6xe5
19.Qg4h4 Ne5g6
20.Qh4h6 Rf8xf2
21.Rb1b3 Qc3xa1
22.Kd2 Qa1f1
{ resign }
0-1

[Event "Match"]
[Site "www.echecsemail.com"]
[Date "2017.06.03"]
[Round "1"]
[White "Bojan"]
[Black "Mitja"]
[WhiteElo "1920"]
[BlackElo "2070"]
[Result "0-1"]
[Round "1"]
1.b4 e6
2.a3 d5
3.Bc1b2 Nb8d7
4.g3 Nd7b6
5.d3 Nb6a4
6.Bb2d4 Na4b6
7.Nb1d2 Ng8f6
8.Bf1g2 g6
9.c3 Bf8g7
10.a4 O-O
11.Bd4c5 Rf8e8
12.Ng1f3 Nb6d7
13.Bc5d4 c6
14.Nf3e5 Nd7xe5
15.Bd4xe5 Nf6d7
16.Be5xg7 Kxg7
17.Nd2f3 Qd8f6
18.d4 b6
19.Qd1d3 Bc8b7
20.h4 e5
21.dxe5 Nd7xe5
22.Nf3xe5 Qf6xe5
23.Bg2f3 Ra8d8
24.Kf1 d4
25.c4 Bb7a8
26.Bf3g2 Qe5f6
27.h5 Ba8b7
28.hxg6 hxg6
29.f4 Bb7c8
30.Bg2f3 Bc8f5
31.Qd3d2 d3
32.Qd2a2 Bf5e4
33.Bf3xe4 Re8xe4
34.exd3 Rd8xd3
35.Rh1g1 Qf6c3
36.Ra1b1 Rd3f3
37.Kg2 Rf3xg3
38.Kh2 Rg3h3
39.Kg2 Qc3f3
{ resign }
0-1

[Event "Match"]
[Site "www.echecsemail.com"]
[Date "2017.06.03"]
[Round "1"]
[White "Krystek23"]
[Black "Insearchof"]
[WhiteElo "2350"]
[BlackElo "2280"]
[Result "1-0"]
[Round "1"]
1.c4 c5
2.Nb1c3 Nb8c6
3.Ng1f3 e5
4.g3 g6
5.Bf1g2 Bf8g7
6.O-O Ng8e7
7.d3 O-O
8.Ra1b1 d6
9.Bc1g5 f6
10.Bg5d2 Bc8e6
11.Nf3e1  { time }
1-0

[Event "Match"]
[Site "www.echecsemail.com"]
[Date "2017.06.03"]
[Round "1"]
[White "Mitja"]
[Black "Bojan"]
[WhiteElo "2070"]
[BlackElo "1920"]
[Result "1-0"]
[Round "1"]
1.d4 d5
2.e3 a6
3.c3 Bc8f5
4.h3 Nb8c6
5.Bf1d3 Qd8d7
6.Ng1e2 h6
7.Ne2g3 Bf5xd3
8.Qd1xd3 e5
9.dxe5 Nc6xe5
10.Qd3c2 O-O-O
11.Nb1d2 Bf8c5
12.b4 Bc5b6
13.a4 Ne5c4
14.Nd2xc4 dxc4
15.a5 Bb6a7
16.O-O g6
17.Bc1a3 f5
18.Rf1d1 Qd7f7
19.Rd1xd8 Kxd8
20.Ra1d1 Kc8
21.Qc2d2 Ng8f6
22.Qd2b2 Nf6e8
23.b5 axb5
24.Qb2xb5 Qf7e6
25.Ng3e2 c6
26.Qb5b2 Ne8c7
27.Qb2d2 Nc7b5
28.Ne2f4 Qe6f7
29.Ba3b2 g5
30.Nf4e2 Qf7c7
31.Qd2c2 Qc7f7
32.Ne2d4 Nb5d6
33.Nd4xc6 Ba7c5
34.Nc6d4 Rh8f8
35.Qc2a4 Qf7d5
36.Nd4b5 Qd5e6
37.Nb5d4 Qe6d5
38.Bb2a3 Nd6e4
39.Ba3xc5 Qd5xc5
40.Nd4e6 b5
41.axb6 { resign }
1-0

[Event "1/128 Finale"]
[Site "www.chess-mail.com"]
[Date "2017.06.03"]
[Round "1"]
[White "Fabos12"]
[Black "Guidom"]
[WhiteElo "1890"]
[BlackElo "1990"]
[Result "0-1"]
[Round "1"]
1.d4 d5
2.Ng1f3 c6
3.Bc1f4 Bc8f5
4.e3 Ng8f6
5.h3 e6
6.Bf1d3 Bf5g6
7.Nf3e5 Nb8d7
8.Ne5xg6 hxg6
9.Nb1d2 Qd8e7
10.c4 dxc4
11.Bd3xc4 Nf6d5
12.Bf4h2 Nd7b6
13.Bc4e2 Qe7g5
14.O-O Bf8b4
15.Nd2f3 Qg5h6
16.a3 Bb4e7
17.Ra1c1 g5
18.b4 Ra8c8
19.Nf3e5 f5
20.Be2f3 O-O
21.Bf3xd5 cxd5
22.Qd1e2 f4
23.Qe2b5 fxe3
24.fxe3 Rf8xf1
25.Rc1xf1 Be7f6
26.Ne5g4 Qh6g6
27.Bh2e5 Bf6e7
28.a4 Qg6e8
29.Qb5xe8 Rc8xe8
30.a5 Nb6c4
31.Rf1b1 a6
32.Be5h2 Re8f8
33.Ng4e5 Nc4xe3
34.Ne5g6 Rf8f7
35.Ng6xe7 Rf7xe7
36.Kf2 Ne3c4
37.b5 Nc4xa5
38.bxa6 bxa6
39.Rb1b6 Na5c4
40.Rb6xa6 Kh7
41.Ke2 { time. }
0-1

[Event "1/128 Finale"]
[Site "www.chess-mail.com"]
[Date "2017.06.03"]
[Round "1"]
[White "Insearchof"]
[Black "Chessington"]
[WhiteElo "1499"]
[BlackElo "2069"]
[Result "0-1"]
[Round "1"]
1.d4 e6
2.Ng1f3 Ng8f6
3.Bc1f4 b6
4.e3 Bc8b7
5.Bf1d3 Bf8e7
6.h3 O-O
7.O-O d5
8.Nb1d2 Nf6e4
9.c4 c5
10.cxd5 exd5
11.dxc5 Ne4xc5
12.Bd3e2 Nc5e6
13.Bf4e5 Nb8c6
14.Be5c3 d4
15.exd4 Nc6xd4
16.Nf3xd4 Ne6xd4
17.Be2d3 Qd8d7
18.Rf1e1 Be7f6
19.Nd2e4 Bb7xe4
20.Bd3xe4 Ra8d8
21.Qd1d3 g6
22.Ra1d1 Rf8e8
23.Kh1 Qd7c8
24.Qd3f1 Bf6g7
25.Re1e3 Re8e6
 { time }
0-1

[Event "1/128 Finale"]
[Site "www.chess-mail.com"]
[Date "2017.06.03"]
[Round "1"]
[White "Julian"]
[Black "Rookie"]
[WhiteElo "1880"]
[BlackElo "1380"]
[Result "1-0"]
[Round "1"]
1.e4 e5
2.Ng1f3 Nb8c6
3.Bf1b5 a6
4.Bb5a4 Ng8f6
5.d4 Bf8d6
6.O-O Nf6xe4
7.dxe5 Bd6xe5
8.Nf3xe5 b5
9.Ne5xc6 Qd8f6
{ time. }
1-0

[Event "1/128 Finale"]
[Site "www.chess-mail.com"]
[Date "2017.06.03"]
[Round "1"]
[White "Corr"]
[Black "Picifarkinca"]
[WhiteElo "1850"]
[BlackElo "2020"]
[Result "1-0"]
[Round "1"]
1.e4 c6
2.d4 d5
3.exd5 cxd5
4.c4 dxc4
5.Bf1xc4 e6
6.Ng1f3 a6
7.O-O b5
8.Bc4b3 Bc8b7
9.Nb1c3 Ng8f6
10.d5 b4
11.dxe6 Bf8d6
12.exf7 Kf8
13.Nf3d4 Bb7c8
14.Bc1f4 Bd6e7
15.Ra1c1 Qd8b6
16.Nc3d5 { resign }
1-0

[Event "Fast Game"]
[Site "www.echecsemail.com"]
[Date "2017.06.03"]
[Round "1"]
[White "Redapond1"]
[Black "Motorhead99"]
[WhiteElo "1379"]
[BlackElo "1409"]
[Result "0-1"]
[Round "1"]
1.d4 d6
2.Bc1f4 Nb8d7
3.Ng1f3 Ng8f6
4.e3 c6
5.c3 Qd8c7
6.Bf1d3 e5
7.dxe5 dxe5
8.Bf4g3 Bf8d6
9.O-O e4
10.Bd3xe4 Nf6xe4
11.Bg3xd6 Qc7xd6
12.Qd1xd6 Ne4xd6
13.Rf1d1 Nd6f5
14.Nb1a3 b5
15.Na3c2 f6
16.e4 Nf5e7
17.Rd1e1 c5
18.e5 fxe5
19.Nf3xe5 Nd7xe5
20.Re1xe5 Kd8
21.Re5xc5 a6
22.Ra1d1 Ke8
23.Rc5e5 Rh8f8
24.Rd1e1 Ra8a7
25.Nc2d4 Rf8f7
26.Nd4c6 Ra7c7
27.Nc6b4 Rc7d7
28.Nb4c6 Bc8b7
29.Nc6xe7 Rd7xe7
30.Re5xe7 Rf7xe7
31.Re1d1 Bb7d5
32.Kf1 Bd5c4
33.Kg1 Bc4xa2
34.h3 Ba2b3
35.Rd1d6 a5
36.Rd6b6 Bb3c4
37.Rb6b8 Kf7
38.b3 Bc4xb3
39.Rb8xb5 a4
40.Rb5a5 Re7c7
41.g3 Rc7xc3
42.Ra5a7 Kf6
43.Ra7a6 Ke5
 { time }
0-1

[Event "Tourn. n9355"]
[Site "www.chess-mail.com"]
[Date "2017.06.04"]
[Round "1"]
[White "Nulladies"]
[Black "Bira47"]
[WhiteElo "1910"]
[BlackElo "2000"]
[Result "0-1"]
[Round "1"]
1.d4 b6
2.Bc1f4 e6
3.e3 a6
4.Ng1f3 h6
5.Nb1d2 Bc8b7
6.Bf1e2 d5
7.Nf3e5 Ng8f6
8.c3 Nb8d7
9.Qd1c2 Nd7xe5
10.dxe5 Nf6e4
11.Ra1d1 g5
12.Bf4g3 Ne4xg3
13.hxg3 Bf8g7
14.e4 Bg7xe5
15.Nd2f3 Be5g7
16.e5 Qd8d7
17.b4 b5
18.O-O O-O-O
19.Qc2d3 f5
20.exf6 Bg7xf6
21.Nf3d4 e5
22.Be2g4 Qd7xg4
23.Qd3e2 Qg4xe2
24.Nd4xe2 d4
25.cxd4 exd4
26.Rd1d3 Bb7e4
27.Rd3a3 d3
28.Ne2c3 Bf6xc3
29.Ra3xc3 d2
30.Rf1d1 Rh8e8
31.Rc3e3 Be4c2
32.Re3xe8 Bc2xd1
33.Re8xd8 Kxd8
34.Kf1 Bd1c2
{ resign }
0-1

[Event "Tourn. n9234"]
[Site "www.chess-mail.com"]
[Date "2017.06.04"]
[Round "1"]
[White "Kampungboy"]
[Black "Piriot"]
[WhiteElo "2670"]
[BlackElo "2360"]
[Result "1/2-1/2"]
[Round "1"]
1.e4 e5
2.f4 Ng8f6
3.Nb1c3 d5
4.exd5 exf4
5.Ng1f3 Nf6xd5
6.Bf1c4 Nd5xc3
7.bxc3 Bf8d6
8.O-O O-O
9.d4 Nb8d7
10.a4 Rf8e8
11.Bc4b3 h6
12.g3 Nd7f6
13.Bc1xf4 Bd6xf4
14.gxf4 Bc8g4
15.Qd1d3 Bg4xf3
16.Qd3xf3 Qd8e7
17.Qf3xb7 Qe7e3
18.Kh1 Qe3xc3
19.Ra1d1 Ra8d8
20.Rd1d3 Qc3a5
21.Qb7g2 Re8e1
22.Rd3d1 Re1xf1
23.Rd1xf1 Qa5f5
24.c3 Nf6d5
25.Bb3c2 Qf5f6
26.Qg2f3 Qf6d6
27.Bc2b3 c6
28.f5 Rd8e8
29.Bb3xd5 { draw }
1/2-1/2

[Event "Tourn. n9304"]
[Site "www.chess-mail.com"]
[Date "2017.06.04"]
[Round "1"]
[White "Jjmcbride"]
[Black "Albertf"]
[WhiteElo "1770"]
[BlackElo "1790"]
[Result "0-1"]
[Round "1"]
1.e4 e5
2.a3 Ng8f6
3.d3 Nb8c6
4.Ng1f3 Bf8c5
5.b4 Bc5b6
6.h3 d5
7.exd5 Nc6e7
8.Nf3xe5 Bb6d4
9.Ne5xf7 Kxf7
10.c3 Bd4b6
11.c4 a6
12.Bc1b2 Rh8e8
13.Bf1e2 c6
14.Bb2xf6 gxf6
15.O-O Re8g8
16.Be2h5 Ne7g6
17.Bh5xg6 hxg6
18.c5 Bb6a7
19.d6 b6
20.d4 bxc5
21.dxc5 Bc8d7
22.Rf1e1 Rg8e8
 { time }
0-1

[Event "Tourn. n9326"]
[Site "www.chess-mail.com"]
[Date "2017.06.04"]
[Round "1"]
[White "Sorento"]
[Black "Castletyme"]
[WhiteElo "2100"]
[BlackElo "1840"]
[Result "1-0"]
[Round "1"]
1.e4 e6
2.d4 d5
3.Nb1c3 dxe4
4.Nc3xe4 Ng8f6
5.Ne4g3 Nb8c6
6.Ng1f3 Bf8e7
7.Bf1c4 O-O
8.Bc1g5 Nf6d5
9.Bg5xe7 Nc6xe7
10.O-O Ne7g6
11.Rf1e1 Nd5f6
12.Nf3e5 Ng6f4
13.Qd1f3 Nf4g6
14.Ra1d1 Ng6xe5
15.dxe5 Nf6d7
16.Qf3f4 Qd8e7
17.Ng3h5 Kh8
18.Re1e3 Rf8g8
19.Re3f3 Rg8f8
20.Bc4d3 Nd7xe5
21.Qf4xe5 f6
22.Qe5e4 g6
23.Nh5f4 Rf8g8
24.Nf4d5 Qe7g7
25.Nd5xf6 Rg8f8
26.Nf6h5 Qg7e7
27.Rf3xf8 Qe7xf8
28.Qe4e5 Kg8
29.Nh5f6 Kf7
30.Nf6xh7 { resign }
1-0

[Event "Tourn. n9343"]
[Site "www.chess-mail.com"]
[Date "2017.06.04"]
[Round "1"]
[White "Cal"]
[Black "Ditto"]
[WhiteElo "1720"]
[BlackElo "1710"]
[Result "0-1"]
[Round "1"]
1.Ng1f3 d5
2.h3 Bc8f5
3.d4 Nb8c6
4.a3 e6
5.e3 Ng8f6
6.Nb1c3 Bf8e7
7.Bf1b5 O-O
8.b4 Nc6b8
9.Bc1b2 c6
10.O-O Nf6e4
11.Bb5a4 Ne4g5
12.Nf3e5 Be7d6
13.f4 Ng5e4
14.Nc3xe4 Bf5xe4
15.c3 Nb8d7
16.Ne5g4 Nd7f6
17.Ng4xf6 Qd8xf6
18.Ba4b3 Qf6g6
19.g4 Qg6f6
20.Qd1e2 Qf6h4
21.Qe2h2 Ra8d8
22.c4 b6
23.c5 bxc5
24.bxc5 Bd6c7
25.Bb3d1 Rd8b8
26.Bd1f3 Be4d3
27.Rf1f2 Rb8b3
28.a4 Bd3c4
29.Bb2c1 Bc7a5
30.Rf2g2 Qh4e1
{ resign }
0-1

[Event "Match"]
[Site "www.echecsemail.com"]
[Date "2017.06.04"]
[Round "1"]
[White "Pinehill"]
[Black "Motorhead99"]
[WhiteElo "2010"]
[BlackElo "1930"]
[Result "1-0"]
[Round "1"]
1.e4 d6
2.d4 Ng8f6
3.Nb1c3 Nb8d7
4.Ng1f3 e5
5.Bc1e3 Bf8e7
6.Bf1e2 a6
7.h3 h6
8.Qd1d2 c6
9.O-O-O O-O
10.Kb1 Qd8c7
11.dxe5 Nd7xe5
12.Nf3d4 Bc8e6
13.f4 Ne5g6
14.f5 { resign }
1-0

[Event "Match"]
[Site "www.echecsemail.com"]
[Date "2017.06.04"]
[Round "1"]
[White "Chemin"]
[Black "Hundegana"]
[WhiteElo "2209"]
[BlackElo "2070"]
[Result "1-0"]
[Round "1"]
1.d4 c5
2.d5 e6
3.c4 exd5
4.cxd5 d6
5.e4 Ng8f6
6.Nb1c3 Nb8d7
7.Ng1f3 h6
8.Bf1d3 Nd7e5
9.Nf3xe5 dxe5
10.O-O a6
11.Bc1e3 Bf8d6
12.Nc3a4 O-O
13.Na4xc5 Bd6xc5
14.Be3xc5 Rf8e8
15.Ra1c1 Bc8d7
16.Qd1d2 Ra8c8
17.b3 Bd7b5
18.Rf1e1 Bb5xd3
19.Qd2xd3 Nf6d7
20.Bc5e3 Rc8xc1
21.Re1xc1 Qd8b8
22.Qd3c3 f6
23.a4 g5
24.b4 b5
25.Qc3c6 Re8e7
26.Qc6xa6 bxa4
27.Rc1c8 Qb8xc8
28.Qa6xc8 Kf7
29.d6 Ke6
30.dxe7 Kxe7
31.Be3c5 Nd7xc5
32.Qc8xc5 Kf7
33.b5 a3
34.Qc5xa3 Kg6
35.b6 h5
36.b7 g4
37.b8Q h4
38.Qb8g8 Kh5
39.Qa3a7 g3
40.Qa7h7 { resign }
1-0

[Event "Match"]
[Site "www.echecsemail.com"]
[Date "2017.06.04"]
[Round "1"]
[White "Winston"]
[Black "Hundegana"]
[WhiteElo "1860"]
[BlackElo "2070"]
[Result "1/2-1/2"]
[Round "1"]
1.e4 c5
2.Ng1f3 e6
3.d4 a6
4.c4 Qd8c7
5.Nb1c3 cxd4
6.Nf3xd4 Bf8c5
7.Bc1e3 Bc5xd4
8.Qd1xd4 f6
9.Bf1e2 e5
10.Nc3d5 exd4
11.Nd5xc7 Kd8
12.Nc7xa8 dxe3
13.fxe3 Ng8e7
14.Na8b6 Ne7c6
15.Nb6xc8 Kxc8
16.a3 Rh8e8
17.Be2d3 Nc6e5
18.Ra1d1 Kc7
19.O-O Nb8c6
20.b4 Ne5xd3
21.Rd1xd3 Re8xe4
22.Rf1f4 Re4e7
23.Rf4f2 Nc6e5
24.Rd3d4 Ne5c6
25.Rd4d3 Nc6e5
26.Rd3d4 { draw }
1/2-1/2

[Event "Match"]
[Site "www.echecsemail.com"]
[Date "2017.06.04"]
[Round "1"]
[White "Micheles"]
[Black "Insearchof"]
[WhiteElo "2520"]
[BlackElo "1499"]
[Result "1-0"]
[Round "1"]
1.d4 Ng8f6
2.Ng1f3 e6
3.Bc1g5 c5
4.e3 cxd4
5.exd4 b6
6.Bf1d3 Bc8b7
7.O-O Bf8e7
8.Nb1d2 O-O
9.Rf1e1 d6
10.c3 Nb8d7
11.Nd2f1 Rf8e8
12.Nf1g3 a6
13.Bg5d2 Be7f8
14.Ra1c1 Qd8c7
15.c4 Ra8c8
16.b4 Qc7b8
17.a3 Qb8a8
18.a4 Bb7xf3
19.Qd1xf3 Qa8xf3
20.gxf3 e5
21.d5 a5
22.bxa5 bxa5
23.Rc1b1 Nd7c5
24.Bd3c2  { time }
1-0

[Event "Match"]
[Site "www.echecsemail.com"]
[Date "2017.06.04"]
[Round "1"]
[White "Mancini"]
[Black "Insearchof"]
[WhiteElo "2450"]
[BlackElo "2250"]
[Result "1-0"]
[Round "1"]
1.d4 Ng8f6
2.c4 g6
3.Nb1c3 d5
4.cxd5 Nf6xd5
5.e4 Nd5xc3
6.bxc3 Bf8g7
7.Bf1c4 c5
8.Ng1e2 Nb8c6
9.Bc1e3 O-O
10.O-O b6
11.dxc5 Qd8c7
12.Ne2d4  { time }
1-0

[Event "Match"]
[Site "www.echecsemail.com"]
[Date "2017.06.04"]
[Round "1"]
[White "Fabos12"]
[Black "Raulazo"]
[WhiteElo "1870"]
[BlackElo "1830"]
[Result "1-0"]
[Round "1"]
1.d4 e6
2.Ng1f3 d5
3.Bc1f4 Nb8c6
4.e3 a6
5.Bf1d3 g6
6.a3 h6
7.h3 g5
8.Bf4h2 b6
9.Nf3e5 Nc6a5
10.Qd1h5 Qd8f6
11.Ne5xf7 Qf6xf7
12.Bd3g6 Qf7xg6
13.Qh5xg6 Kd8
14.Qg6f7 Bf8e7
15.Qf7g7 Be7f6
16.Bh2xc7 Ke8
17.Qg7g6 Ke7
18.Nb1d2 Bc8d7
19.Bc7xb6 Bd7e8
20.Qg6d3 Be8b5
21.Qd3c3 Na5c4
22.Qc3b4 Kf7
23.Nd2xc4 Bb5xc4
24.a4 Bf6e7
25.Bb6c5 a5
26.Qb4b7 Ra8e8
27.b3 Rh8h7
28.bxc4 Kg6
29.Qb7d7 Re8f8
30.Qd7xe6 Kh5
31.h4 g4
32.Qe6e5 Kg6
33.h5 Kf7
34.Qe5f5 Kg7
35.Qf5g6 Kh8
36.cxd5 Rh7g7
37.Qg6d3 Rf8e8
38.d6 Be7d8
39.Qd3b5 Re8f8
40.d5 Rf8f5
41.Bc5d4 Bd8f6
42.d7 Rg7f7
43.d8Q Bf6xd4
44.exd4 Rf7f8
45.Qd8d6 Rf8f6
46.Qd6c7 Rf5xf2
47.d6 { resign }
1-0